[Event "AUTO-BEG-472"]
[Site "http://www.queenalice.com/game.php?id=914837"]
[Date "2011.3.19"]
[Round "1"]
[White "moira"]
[Black "andresil"]
[Result "1-0"]
[WhiteElo "1392"]
[BlackElo "1495"]

1. e4 e5 2. Nf3 d6 3. Bc4 Nf6 4. Nc3 b6 5. Nd5 h6 6. Nxf6+ Qxf6 7. d3 Bb7 8. Be3
g5 9. O-O g4 10. Nd2 c6 11. Qxg4 h5 12. Qf3 Qxf3 13. Nxf3 b5 14. Bb3 a5 15. Bb6
Nd7 16. Ng5 d5 17. c3 Nxb6 18. Nf3 1-0

[Event "AUTO-BEG-473"]
[Site "http://www.queenalice.com/game.php?id=916261"]
[Date "2011.3.23"]
[Round "1"]
[White "andresil"]
[Black "josedesouza"]
[Result "1-0"]
[WhiteElo "1533"]
[BlackElo "966"]

1. e4 e5 2. Nf3 d6 3. Nc3 c6 4. d4 Bg4 5. h3 Bh5 6. g4 Bg6 7. Bg2 Be7 8. dxe5 d5
9. exd5 Bb4 10. dxc6 Nxc6 11. Qxd8+ Rxd8 12. O-O Nge7 13. Bg5 O-O 14. Nd4 Rxd4
15. Bxc6 bxc6 16. Bxe7 Re8 17. Bxb4 Rxb4 18. b3 1-0

[Event "AUTO-BEG-473"]
[Site "http://www.queenalice.com/game.php?id=916262"]
[Date "2011.3.23"]
[Round "1"]
[White "josedesouza"]
[Black "andresil"]
[Result "1-0"]
[WhiteElo "1005"]
[BlackElo "1500"]

1. e4 e5 2. Nf3 d6 3. Bc4 h6 4. Nc3 b6 5. b4 Bb7 6. d3 g5 7. Bb5+ c6 8. Ba4 b5
9. Bb3 g4 10. Nd2 Bg7 11. Qxg4 h5 12. Qxg7 Rh6 13. Qxf7# 1-0

[Event "AUTO-BEG-473"]
[Site "http://www.queenalice.com/game.php?id=916263"]
[Date "2011.3.23"]
[Round "1"]
[White "andresil"]
[Black "robby"]
[Result "0-1"]
[WhiteElo "1391"]
[BlackElo "1165"]

1. e4 e5 2. Nf3 Nf6 3. Bd3 Nc6 4. b3 d6 5. h3 Be6 6. Bb5 a6 7. Bxc6+ bxc6 8. d3
Be7 9. Bb2 O-O 10. Ng5 h6 11. Nxe6 fxe6 12. O-O c5 13. c4 g5 14. Nd2 Qe8 15. f3
d5 16. exd5 exd5 17. cxd5 Nxd5 0-1

[Event "AUTO-BEG-473"]
[Site "http://www.queenalice.com/game.php?id=916264"]
[Date "2011.3.23"]
[Round "1"]
[White "robby"]
[Black "andresil"]
[Result "1-0"]
[WhiteElo "1138"]
[BlackElo "1418"]

1. e4 e5 2. Nf3 d6 3. Bc4 h6 4. Nc3 Bg4 5. O-O c6 6. d3 b5 7. Bb3 g5 8. Qe2 Bg7
9. Be3 a5 10. h3 Bxf3 11. Qxf3 f6 12. Rae1 b4 13. Ne2 c5 14. Qh5+ Kf8 15. f3 Qe8
16. Qxe8+ Kxe8 17. Bxg8 1-0

[Event "AUTO-BEG-473"]
[Site "http://www.queenalice.com/game.php?id=916265"]
[Date "2011.3.23"]
[Round "1"]
[White "andresil"]
[Black "castropereira"]
[Result "1-0"]
[WhiteElo "1439"]
[BlackElo "1210"]

1. e4 e5 2. Nf3 f6 3. Nc3 Ne7 4. Bc4 a6 5. d3 b5 6. Bb3 Ng6 7. g3 h5 8. a3 c6 9.
Be3 h4 10. Nxh4 Nxh4 11. gxh4 Rxh4 12. Qf3 d6 13. O-O-O Bg4 14. Qg3 Rh5 15. f3
Rh3 16. Qxg4 Qd7 17. Qxd7+ Kxd7 18. f4 Rxe3 19. fxe5 fxe5 20. Rhf1 Rh3 21. Rxf8
Rxh2 22. Rf7+ Ke8 23. Rxg7 Rh8 24. Rg8+ Rxg8 25. Bxg8 d5 26. exd5 cxd5 27. Bxd5
Ra7 28. Re1 Re7 29. a4 bxa4 30. Nxa4 Kd7 31. Bc4 Rg7 32. Rxe5 Rg1+ 33. Kd2 Nc6
34. Rd5+ Kc7 35. Bxa6 Ra1 36. b3 Rh1 37. Bb5 Rh2+ 38. Kc3 Rh1 39. Bxc6 Kxc6 40.
Kc4 Rc1 41. c3 Rh1 42. b4 Rh4+ 43. d4 Rh8 44. b5+ Kc7 45. b6+ Kb7 46. Rd7+ Kc8
47. Rg7 Rd8 48. d5 Re8 49. Kb5 Re1 50. b7+ Kb8 51. Nc5 Rb1+ 52. Kc6 Rc1 53. Na6+
Ka7 54. b8=Q+ Kxa6 55. Qb6# 1-0

[Event "AUTO-BEG-473"]
[Site "http://www.queenalice.com/game.php?id=916266"]
[Date "2011.3.23"]
[Round "1"]
[White "castropereira"]
[Black "andresil"]
[Result "0-1"]
[WhiteElo "1224"]
[BlackElo "1300"]

1. e4 e5 2. Nf3 d6 3. Bb5+ c6 4. Ba4 b5 5. Bb3 Nf6 6. a4 Qb6 7. d3 d5 8. exd5
cxd5 9. Nxe5 Nbd7 10. Nxd7 Bxd7 11. axb5 Ng4 12. Rf1 Bc5 13. Bxd5 Bxf2+ 14. Ke2
O-O-O 15. Kd2 Qe3+ 16. Kc3 Qc5+ 17. Kd2 Ne3 18. Qf3 Qxc2# 0-1

[Event "AUTO-INT-2001"]
[Site "http://www.queenalice.com/game.php?id=922458"]
[Date "2011.4.6"]
[Round "1"]
[White "McKubik"]
[Black "andresil"]
[Result "1-0"]
[WhiteElo "1424"]
[BlackElo "1515"]

1. e4 e5 2. Nf3 d6 3. Nc3 Bg4 4. h3 Bxf3 5. Qxf3 Nf6 6. Bd3 Nc6 7. Bb5 Qd7 8.
O-O O-O-O 9. Qd3 a6 10. Ba4 b5 11. Bb3 h6 12. Qf3 Nd4 13. Qe3 c5 14. Bd5 Nxd5
15. Nxd5 Qb7 16. c3 Nc2 17. Qf3 Nxa1 18. Qf5+ Rd7 19. d4 f6 20. Qe6 exd4 21.
cxd4 cxd4 22. Qe8+ Rd8 23. Qe6+ 1-0

[Event "AUTO-INT-2001"]
[Site "http://www.queenalice.com/game.php?id=922459"]
[Date "2011.4.6"]
[Round "1"]
[White "andresil"]
[Black "McKubik"]
[Result "0-1"]
[WhiteElo "1536"]
[BlackElo "1403"]

1. e4 e5 2. Nf3 Nc6 3. Bb5 Nf6 4. Bxc6 bxc6 5. d3 Bc5 6. Nxe5 Qe7 7. Bf4 Ba6 8.
O-O g6 9. Nf3 O-O 10. Bxc7 Ng4 11. h3 d5 12. Ba5 Nf6 13. a3 dxe4 14. dxe4 Qxe4
15. Bb4 Qc4 16. Nbd2 Qe2 17. Qxe2 Bxe2 18. Rfe1 Rfe8 19. Bxc5 Rab8 20. b4 Nd5
21. Nd4 Nc3 22. Nxc6 Rb7 0-1

[Event "AUTO-INT-2001"]
[Site "http://www.queenalice.com/game.php?id=922468"]
[Date "2011.4.6"]
[Round "1"]
[White "andresil"]
[Black "geert"]
[Result "0-1"]
[WhiteElo "1432"]
[BlackElo "1587"]

1. e4 c5 2. c4 d6 3. Nc3 e6 4. Nf3 Be7 5. d3 Nf6 6. h3 O-O 7. b3 b6 8. Bb2 Bb7
9. g3 d5 10. exd5 exd5 11. Bg2 Nbd7 12. O-O d4 13. Ne2 Bxf3 14. Bxf3 Rc8 0-1

[Event "AUTO-INT-2001"]
[Site "http://www.queenalice.com/game.php?id=922469"]
[Date "2011.4.6"]
[Round "1"]
[White "geert"]
[Black "andresil"]
[Result "1-0"]
[WhiteElo "1576"]
[BlackElo "1443"]

1. d4 d5 2. e3 Nf6 3. Nf3 Bg4 4. Be2 Bxf3 5. Bxf3 Nc6 6. O-O e5 7. dxe5 Nxe5 8.
Nc3 c6 9. b3 Bb4 10. Bb2 O-O 11. Qd4 Nxf3+ 12. gxf3 h6 13. Qxb4 b6 14. Rfd1 c5
15. Qb5 1-0

[Event "AUTO-INT-2005"]
[Site "http://www.queenalice.com/game.php?id=925024"]
[Date "2011.4.12"]
[Round "1"]
[White "andresil"]
[Black "Dcar"]
[Result "0-1"]
[WhiteElo "1556"]
[BlackElo "1714"]

1. e4 Nc6 2. f4 Nf6 3. e5 Nd5 4. g3 e6 5. c4 Nxf4 6. gxf4 Nd4 7. Nf3 Bc5 8. Nxd4
Bxd4 9. d3 Qh4+ 10. Ke2 Qf2# 0-1

[Event "AUTO-INT-2005"]
[Site "http://www.queenalice.com/game.php?id=925025"]
[Date "2011.4.12"]
[Round "1"]
[White "Dcar"]
[Black "andresil"]
[Result "1-0"]
[WhiteElo "1733"]
[BlackElo "1456"]

1. Nf3 d5 2. d4 Nc6 3. g3 Bg4 4. Bg2 Bxf3 5. exf3 Nf6 6. c3 h6 7. Nd2 e6 8. O-O
g5 9. Nb3 b6 10. Nd2 Bg7 11. Nb3 O-O 12. Bh3 e5 13. f4 1-0

[Event "AUTO-INT-2005"]
[Site "http://www.queenalice.com/game.php?id=925026"]
[Date "2011.4.12"]
[Round "1"]
[White "andresil"]
[Black "capito"]
[Result "0-1"]
[WhiteElo "1536"]
[BlackElo "1996"]

1. e4 e6 2. d4 d5 3. e5 c5 4. Bb5+ Bd7 5. Bxd7+ Nxd7 6. Nf3 Ne7 7. Bg5 cxd4 8.
Qxd4 Qa5+ 9. Bd2 Qc7 10. Nc3 Ng6 11. O-O Ndxe5 12. Nxe5 Qxe5 13. Qxe5 Nxe5 14.
Nb5 Kd8 15. Ba5+ b6 16. Bc3 Nc6 17. a3 a6 18. Nd4 Nxd4 19. Bxd4 Rb8 20. h3 f6
21. Rfe1 e5 22. Bc3 d4 23. Bd2 Bd6 24. b4 g5 25. g4 h5 26. f3 hxg4 27. hxg4 Rh3
0-1

[Event "AUTO-INT-2005"]
[Site "http://www.queenalice.com/game.php?id=925027"]
[Date "2011.4.12"]
[Round "1"]
[White "capito"]
[Black "andresil"]
[Result "1-0"]
[WhiteElo "1996"]
[BlackElo "1536"]

1. e4 e5 2. Nf3 d6 3. d4 exd4 4. Nxd4 Nf6 5. Nc3 c5 6. Bb5+ Bd7 7. Bxd7+ Nbxd7
8. O-O cxd4 9. Qxd4 Qb6 10. Qxb6 Nxb6 11. Nb5 Kd7 12. Bf4 Nxe4 13. f3 Nf6 14.
Rad1 d5 15. b3 Bc5+ 16. Kh1 a6 17. Nc3 Bb4 18. Ne4 Nxe4 19. fxe4 Ke6 20. Bc7
Rac8 21. Bxb6 dxe4 22. c4 Bc5 23. Bxc5 Rxc5 24. Rd4 f5 25. Rfd1 Kf6 26. Rd6+ Kg5
27. Rd7 1-0